| 000 | 01115nam0a22002531 4500 | ||
|---|---|---|---|
| 001 | rc\2755330 | ||
| 005 | 20260407230928.0 | ||
| 035 | _a(NLR Aleph) 006882078 | ||
| 090 |
_a7057745 _c7057745 |
||
| 100 | _a20110915d1940 |||y0rusy50 ca | ||
| 101 | 0 | _arus | |
| 102 | _aRU | ||
| 105 | _ay z ||||| | ||
| 200 | 1 |
_aНормы и расценки на автомобильную вывозку лесоматериалов на 1940 год _fСост. ст. инж. призвод. отд. Белбалткомбината НКВД С. В. Соболевский _gПроизвод. отд. Беломорско-Балтийск. комбината НКВД СССР |
|
| 205 | _a2-е изд., перераб. и доп. | ||
| 210 |
_aМедвежегорск _cБелбалткомбинат НКВД _d1940 |
||
| 215 |
_aIV, 70 с. _d15 см. |
||
| 702 | 1 |
_aСоболевский _bС.В. _4220 |
|
| 710 | 0 | 2 |
_aБеломорско-Балтийский комбинат _9807780 _3RU\NLR\AUTH\8810156161 |
| 801 | 0 |
_aRU _bNLR _gpsbo |
|
| 801 | 1 |
_aRU _bELAR _2rusmarc |
|
| 852 |
_aNLR _j40-8/1981 |
||
| 942 | _cBOOK | ||
| 980 | _aNB | ||